| 000 | 01693cam a22003974a 4500 | ||
|---|---|---|---|
| 999 |
_c7928 _d7928 |
||
| 001 | 14082164 | ||
| 003 | OSt | ||
| 005 | 20200125114625.0 | ||
| 008 | 050822s2007 mauab b 001 0 eng | ||
| 010 | _a 2005053866 | ||
| 020 | _a9780070668362 | ||
| 020 | _a0070668361 | ||
| 020 | _a9780073230627 | ||
| 035 | _a(OCoLC)ocm61451697 | ||
| 040 |
_aDLC _cDLC _dYDX _dBAKER _dUBY _dDLC |
||
| 042 | _apcc | ||
| 050 | 0 | 0 |
_aT58.6 _b.H18 2007 |
| 082 | 0 | 0 |
_a658.4038011 _222 _bHAA/M |
| 100 |
_aHaag, Stephen _91409 |
||
| 245 | 1 | 0 |
_aManagement information systems for the information age / _cStephen Haag, Maeve Cummings, Amy Phillips. |
| 250 | _a6th ed. | ||
| 260 |
_aBoston : _bMcGraw-Hill/Irwin, _cc2007. |
||
| 300 |
_axxii, 560 p. : _bill. (chiefly col.), maps ; _c29 cm. + _e2 CD-ROMs (4 3/4 in.) |
||
| 504 | _aIncludes bibliographical references (p. 540-546) and index. | ||
| 650 | 0 | _aManagement information systems. | |
| 650 | 0 | _aInformation technology. | |
| 655 | 0 | _aCD-ROMs. | |
| 700 | 1 |
_aCummings, Maeve _91549 |
|
| 700 | 1 |
_aPhillips, Amy _q(Amy L.) _91550 |
|
| 856 | 4 | 1 |
_3Table of contents only _uhttp://www.loc.gov/catdir/enhancements/fy0665/2005053866-t.html |
| 856 | 4 | 2 |
_3Publisher description _uhttp://www.loc.gov/catdir/enhancements/fy0665/2005053866-d.html |
| 856 | 4 | 2 |
_3Contributor biographical information _uhttp://www.loc.gov/catdir/enhancements/fy0737/2005053866-b.html |
| 906 |
_a7 _bcbc _corignew _d1 _eocip _f20 _gy-gencatlg |
||
| 942 |
_2ddc _cBK _h658.4038011 _iHAA/M _k658.4038011 _mHAA/M |
||